Economic for Student (Record no. 391)

MARC details
005 - DATE AND TIME OF LATEST TRANSACTION
control field 20250311132504.0
082 ## - DEWEY DECIMAL CLASSIFICATION NUMBER
Classification number 330. 071 HAN
100 ## - MAIN ENTRY--PERSONAL NAME
Author name HANSON J. L.
245 ## - TITLE STATEMENT
Title Economic for Student
250 ## - EDITION STATEMENT
Edition statement 5th Ed.
260 ## - PUBLICATION, DISTRIBUTION, ETC.
Place of publication, distribution, etc. London,
Name of publisher, distributor, etc. Macdonald,
Date of publication, distribution, etc. 1963.
300 ## - PHYSICAL DESCRIPTION
Extent xii,226p.: ill.; table.
Other physical details Index.
Dimensions 19cm.
942 ## - ADDED ENTRY ELEMENTS (KOHA)
Source of classification or shelving scheme Dewey Decimal Classification
Koha item type Books
Holdings
Date last seen Total checkouts Full call number Barcode Cost, replacement price Price effective from Koha item type Lost status Source of classification or shelving scheme Damaged status Not for loan Withdrawn status Home library Current library Shelving location Date acquired Cost, normal purchase price
03/11/2025   330.071 HAN 0000001291 30000.00 03/11/2025 Books   Dewey Decimal Classification       College of Business Education Main Library College of Business Education Main Library General Collection 03/11/2025 10000.00
03/11/2025   330.071 HAN 0000001292 30000.00 03/11/2025 Books   Dewey Decimal Classification       College of Business Education Main Library College of Business Education Main Library General Collection 03/11/2025 10000.00
03/11/2025   330.071 HAN 0000001293 30000.00 03/11/2025 Books   Dewey Decimal Classification       College of Business Education Main Library College of Business Education Main Library General Collection 03/11/2025 10000.00